<?xml version="1.0" encoding="UTF-8"?>
<record
    xmlns:xsi="http://www.w3.org/2001/XMLSchema-instance"
    xsi:schemaLocation="http://www.loc.gov/MARC21/slim http://www.loc.gov/standards/marcxml/schema/MARC21slim.xsd"
    xmlns="http://www.loc.gov/MARC21/slim">

  <leader>01721nam a22002537a 4500</leader>
  <datafield tag="999" ind1=" " ind2=" ">
    <subfield code="c">4732</subfield>
    <subfield code="d">4732</subfield>
  </datafield>
  <controlfield tag="003">DO-SdBJH</controlfield>
  <controlfield tag="005">20191121195345.0</controlfield>
  <controlfield tag="008">180822b           ||||| |||| 00| 0 spa d</controlfield>
  <datafield tag="040" ind1=" " ind2=" ">
    <subfield code="a">DO-SdBJH</subfield>
    <subfield code="b">spa</subfield>
    <subfield code="c">DO-SdBJH</subfield>
  </datafield>
  <datafield tag="090" ind1=" " ind2=" ">
    <subfield code="a">TG EGCEMN</subfield>
    <subfield code="b">01276 2017</subfield>
  </datafield>
  <datafield tag="100" ind1="1" ind2=" ">
    <subfield code="a">Santana Gonz&#xE1;lez, Roc&#xED;o Cristy</subfield>
    <subfield code="e">sustentante</subfield>
  </datafield>
  <datafield tag="245" ind1="1" ind2="0">
    <subfield code="a">Rol de la Armada de Rep&#xFA;blica Dominicana para la defensa de los intereses mar&#xED;timos del estado dominicano / </subfield>
    <subfield code="c"> Roc&#xED;o Cristy Santana Gonz&#xE1;lez, asesores  William A. Jim&#xE9;nez Inoa, Radham&#xE9;s Vega Dom&#xED;nguez</subfield>
  </datafield>
  <datafield tag="260" ind1=" " ind2=" ">
    <subfield code="a">Santo Domingo Este :</subfield>
    <subfield code="b">INSUDE, </subfield>
    <subfield code="c">2017</subfield>
  </datafield>
  <datafield tag="300" ind1=" " ind2=" ">
    <subfield code="a">xiii, 62 p&#xE1;ginas, ilustraciones-tablas-im&#xE1;genes-gr&#xE1;ficos</subfield>
  </datafield>
  <datafield tag="502" ind1=" " ind2=" ">
    <subfield code="a">Tesis (Especialidad de Comando y Estado Mayor Naval) -- Instituto Superior para la Defensa (INSUDE). &#x2013; Escuela de Graduados de Comando y Estado Mayor Naval, 2017.</subfield>
  </datafield>
  <datafield tag="504" ind1=" " ind2=" ">
    <subfield code="a">Incluye referencias bibliogr&#xE1;ficas e &#xED;ndices</subfield>
  </datafield>
  <datafield tag="505" ind1=" " ind2=" ">
    <subfield code="a">Intereses mar&#xED;timo de Rep&#xFA;blica Dominicana y su importancia para el desarrollo del estado dominicano. -- Funciones de la Armada de Rep&#xFA;blica Dominicana relacionadas con la defensa de los intereses mar&#xED;timos del estado dominicano en la actualidad. -- Capacidades y militante de la Armada de rep&#xFA;blica Dominicana relacionadas con la defensa de los intereses mar&#xED;timo del estado dominicano en la actualidad</subfield>
  </datafield>
  <datafield tag="650" ind1=" " ind2="4">
    <subfield code="a">Protecci&#xF3;n y defensa mar&#xED;timo -- Capacidades de la Armada -- Limitaciones</subfield>
  </datafield>
  <datafield tag="651" ind1=" " ind2="4">
    <subfield code="a">Rep&#xFA;blica Dominicana. Armada -- Intereses mar&#xED;timo</subfield>
  </datafield>
  <datafield tag="700" ind1="1" ind2=" ">
    <subfield code="a">Jim&#xE9;nez Inoa, William A.</subfield>
    <subfield code="e">asesor</subfield>
  </datafield>
  <datafield tag="700" ind1="1" ind2=" ">
    <subfield code="a">Vega Dom&#xED;nguez, Radham&#xE9;s</subfield>
    <subfield code="e">asesor</subfield>
  </datafield>
  <datafield tag="830" ind1=" " ind2=" ">
    <subfield code="a">INSUDE.  Escuela de Graduados de Comando y Estado Mayor Naval.  Tesis y disertaciones acad&#xE9;micas</subfield>
  </datafield>
  <datafield tag="942" ind1=" " ind2=" ">
    <subfield code="2">ddc</subfield>
    <subfield code="c">T</subfield>
  </datafield>
  <datafield tag="952" ind1=" " ind2=" ">
    <subfield code="0">0</subfield>
    <subfield code="1">0</subfield>
    <subfield code="2">ddc</subfield>
    <subfield code="4">0</subfield>
    <subfield code="7">1</subfield>
    <subfield code="8">TG</subfield>
    <subfield code="a">BJHA</subfield>
    <subfield code="b">BJHA</subfield>
    <subfield code="d">2018-08-22</subfield>
    <subfield code="i">17-01276</subfield>
    <subfield code="l">0</subfield>
    <subfield code="o">TG EGCEMN 01276 2017</subfield>
    <subfield code="p">17-01276</subfield>
    <subfield code="r">2018-10-06 00:00:00</subfield>
    <subfield code="t">e.1</subfield>
    <subfield code="w">2018-08-22</subfield>
    <subfield code="y">T</subfield>
  </datafield>
</record>
